000 00418nam a2200169Ia 4500
005 20250326141814.0
008 250326s9999 xx 000 0 und d
037 _aTextbook
040 _aFMSL
_beng
_cFMSL
041 _aeng
_2eng
084 _qFMSL
245 0 _aBusiness India Sep-Nov. 1988
260 _aBombay
_bBombay, Wadia Building
_c1988
300 _av..
942 _cTB
999 _c1292057
_d1292057